[Event "Winnipeg Tuesday Night op 7th"]
[Site "Winnipeg CAN"]
[Date "2000.07.25"]
[Round "4"]
[White "Greenberg, Harley"]
[Black "Charter, Bennet"]
[Result "1/2-1/2"]
[WhiteElo "1725"]
[BlackElo "1739"]
[PlyCount "61"]
[GameId "2160767911703372"]
[EventDate "2000.07.04"]
[EventType "swiss (rapid)"]
[EventRounds "4"]
[EventCountry "CAN"]
[SourceTitle "EXT 2005"]
[Source "ChessBase"]
[SourceDate "2004.11.15"]
[SourceVersion "1"]
[SourceVersionDate "2004.11.15"]
[SourceQuality "1"]

1. e4 c5 2. Nf3 Nc6 3. d4 cxd4 4. Nxd4 g6 5. Bc4 Bg7 6. c3 Nf6 7. Nxc6 bxc6 8. e5 Ng8 9. Qe2 f6 10. Bf4 fxe5 11. Bxe5 Nf6 12. Bd6 Nd5 13. O-O Bf6 14. Re1 Kf8 15. Bxd5 cxd5 16. Qf3 Kg7 17. Qxd5 Ba6 18. Be5 Rf8 19. Nd2 Qb6 20. Nf3 Rad8 21. Bd4 Bxd4 22. Rxe7+ Kh8 23. Nxd4 Qf6 24. Qe5 Qxe5 25. Rxe5 Rb8 26. b3 Rbc8 27. c4 Rf4 28. Rd1 Bb7 29. Ne2 Rf7 30. Nc3 Rcf8 31. f3 1/2-1/2

[Event "Winnipeg Tuesday Night op 7th"]
[Site "Winnipeg CAN"]
[Date "2000.07.25"]
[Round "4"]
[White "Hanrahan, Nigel"]
[Black "Vincent, Trevor"]
[Result "0-1"]
[WhiteElo "1710"]
[BlackElo "1083"]
[PlyCount "134"]
[GameId "2160767911703373"]
[EventDate "2000.07.04"]
[EventType "swiss (rapid)"]
[EventRounds "4"]
[EventCountry "CAN"]
[SourceTitle "EXT 2005"]
[Source "ChessBase"]
[SourceDate "2004.11.15"]
[SourceVersion "1"]
[SourceVersionDate "2004.11.15"]
[SourceQuality "1"]

1. c4 g6 2. g3 Bg7 3. Bg2 d6 4. Nc3 c6 5. d3 Nd7 6. Qc2 Ngf6 7. Rb1 O-O 8. b4 Qc7 9. b5 Rb8 10. bxc6 bxc6 11. Rxb8 Nxb8 12. Nf3 Nbd7 13. O-O Qa5 14. Bd2 Qc7 15. Nd4 Bb7 16. Rb1 Rb8 17. e3 e5 18. Nb3 a6 19. Ne4 Nxe4 20. Bxe4 f5 21. Bg2 c5 22. Ba5 Qc8 23. Bxb7 Rxb7 24. Nd2 Rxb1+ 25. Qxb1 Qe8 26. Qb7 Nb8 27. Bc7 Nc6 28. Bxd6 e4 29. Bxc5 exd3 30. Qb3 Ne5 31. Bd4 Qd8 32. f4 Nc6 33. c5+ Kf8 34. Bxg7+ Kxg7 35. Qc3+ Kh6 36. Nb3 a5 37. a3 Qd5 38. Kf2 Qh1 39. Qxd3 Qxh2+ 40. Ke1 Qxg3+ 41. Kd2 Qf2+ 42. Kc3 a4 43. Nd4 Nxd4 44. Kxd4 Qb2+ 45. Qc3 Qb8 46. c6 Qd6+ 47. Kc4 Qxc6+ 48. Kb4 Qxc3+ 49. Kxc3 Kg7 50. Kd3 Kf6 51. e4 fxe4+ 52. Kxe4 h5 53. Kf3 Kf5 54. Kg3 h4+ 55. Kxh4 Kxf4 56. Kh3 g5 57. Kg2 Kg4 58. Kf2 Kh3 59. Kg1 Kg3 60. Kh1 Kf2 61. Kh2 g4 62. Kh1 Ke3 63. Kg2 Kd3 64. Kg3 Kc3 65. Kxg4 Kb3 66. Kf3 Kxa3 67. Ke2 Kb2 0-1

[Event "Winnipeg Tuesday Night op 7th"]
[Site "Winnipeg CAN"]
[Date "2000.07.25"]
[Round "4"]
[White "Trueman, Francis"]
[Black "Gibbons, Lorne"]
[Result "1/2-1/2"]
[WhiteElo "1506"]
[BlackElo "1333"]
[PlyCount "160"]
[GameId "2160767911703374"]
[EventDate "2000.07.04"]
[EventType "swiss (rapid)"]
[EventRounds "4"]
[EventCountry "CAN"]
[SourceTitle "EXT 2005"]
[Source "ChessBase"]
[SourceDate "2004.11.15"]
[SourceVersion "1"]
[SourceVersionDate "2004.11.15"]
[SourceQuality "1"]

1. Nf3 d5 2. d3 Nf6 3. Nbd2 Nc6 4. g3 Bf5 5. Bg2 e5 6. O-O Bd6 7. Re1 Qd7 8. e4 dxe4 9. dxe4 Be6 10. c3 O-O-O 11. Qe2 h6 12. Nc4 Bxc4 13. Qxc4 Na5 14. Qe2 Nc6 15. a4 Nb8 16. b3 Qc6 17. Bd2 Nbd7 18. b4 b6 19. c4 Qb7 20. a5 Ne8 21. axb6 cxb6 22. Rec1 Kb8 23. c5 Bc7 24. c6 Qc8 25. cxd7 Qxd7 26. Bc3 f6 27. b5 Nd6 28. Bf1 Qg4 29. Ra4 Nb7 30. Rca1 Nc5 31. h3 Qg6 32. Rc4 Rd7 33. Bb4 Bd6 34. Rd1 Rhd8 35. Bxc5 Bxc5 36. Rxd7 Rxd7 37. Kg2 h5 38. Rc2 Qe8 39. Rd2 g5 40. Rxd7 Qxd7 41. Nxe5 fxe5 42. Qxh5 Qe7 43. Bc4 Bxf2 44. Qf7 Qxf7 45. Bxf7 Bc5 46. Kf3 Be7 47. Kg4 Kc7 48. Kf5 Kd6 49. Bc4 Bd8 50. Kg4 Kc5 51. Be2 Kd6 52. h4 gxh4 53. gxh4 Bf6 54. h5 Ke6 55. h6 Kd6 56. Kf5 Ke7 57. Bc4 Bh8 58. h7 Kd6 59. Bd3 Kc5 60. Ke6 Kd4 61. Bf1 Kxe4 62. Kd6 Kd4 63. Kc6 e4 64. Kb7 Kc5 65. Kxa7 Bd4 66. Ka6 Kd6 67. Bc4 e3 68. Bd3 Ke7 69. Kb7 Kf8 70. Kc6 Kg7 71. Kd5 Bc5 72. Ke4 Kxh7 73. Kf3+ Kg7 74. Ke2 Kf6 75. Bc4 Ke5 76. Bd3 Kd4 77. Bc2 Kc3 78. Bd3 Kb4 79. Kd1 Kc3 80. Ke2 Bd4 1/2-1/2

[Event "Winnipeg Tuesday Night op 7th"]
[Site "Winnipeg CAN"]
[Date "2000.07.25"]
[Round "4"]
[White "Xia, Yanchong"]
[Black "Bays, Derek"]
[Result "1-0"]
[WhiteElo "1781"]
[BlackElo "1507"]
[PlyCount "51"]
[GameId "2160767911703375"]
[EventDate "2000.07.04"]
[EventType "swiss (rapid)"]
[EventRounds "4"]
[EventCountry "CAN"]
[SourceTitle "EXT 2005"]
[Source "ChessBase"]
[SourceDate "2004.11.15"]
[SourceVersion "1"]
[SourceVersionDate "2004.11.15"]
[SourceQuality "1"]

1. d4 Nf6 2. c4 e6 3. Nc3 Bb4 4. a3 Bxc3+ 5. bxc3 c5 6. f3 d5 7. e3 Nc6 8. Bd3 dxc4 9. Bxc4 Qa5 10. Bd2 b5 11. Bd3 c4 12. Bc2 Qb6 13. Ne2 Bb7 14. O-O O-O 15. Qe1 Qc7 16. Rb1 a6 17. Ng3 e5 18. Nf5 exd4 19. exd4 Rfe8 20. Qh4 Ne7 21. Nxg7 Qd6 22. Nxe8 Rxe8 23. Bf4 Qc6 24. Be5 Ned5 25. Qh6 Re6 26. Bxh7+ 1-0

[Event "Winnipeg Tuesday Night op 8th"]
[Site "Winnipeg CAN"]
[Date "2000.08.01"]
[Round "1"]
[White "Schulz, Waldemar"]
[Black "Lafreniere, Adrian"]
[Result "1/2-1/2"]
[WhiteElo "2035"]
[BlackElo "1675"]
[PlyCount "63"]
[GameId "2160767911652992"]
[EventDate "2000.08.01"]
[EventType "swiss"]
[EventRounds "4"]
[EventCountry "CAN"]
[SourceTitle "EXT 2005"]
[Source "ChessBase"]
[SourceDate "2004.11.15"]
[SourceVersion "1"]
[SourceVersionDate "2004.11.15"]
[SourceQuality "1"]

1. Nf3 c5 2. c4 e6 3. g3 d5 4. Bg2 Nf6 5. O-O Be7 6. b3 b6 7. Bb2 Bb7 8. d3 Nc6 9. Nbd2 Qd7 10. cxd5 exd5 11. Rc1 O-O 12. d4 Rac8 13. dxc5 bxc5 14. Bxf6 gxf6 15. Nh4 Ne5 16. Qc2 c4 17. bxc4 dxc4 18. Bxb7 Qxb7 19. Rb1 Qd5 20. Rfd1 Qe6 21. Ndf3 Rfd8 22. Nxe5 fxe5 23. Nf5 Bc5 24. Rxd8+ Rxd8 25. Qe4 Qg6 26. Rb7 Bf8 27. Qxe5 Rd1+ 28. Kg2 Qc6+ 29. f3 Qxb7 30. Qf4 c3 31. Qg5+ Kh8 32. Qf6+ 1/2-1/2

[Event "Winnipeg Tuesday Night op 8th"]
[Site "Winnipeg CAN"]
[Date "2000.08.01"]
[Round "1"]
[White "Trueman, Francis"]
[Black "Klokow, John"]
[Result "1/2-1/2"]
[WhiteElo "1506"]
[BlackElo "1766"]
[PlyCount "52"]
[GameId "2160767911652993"]
[EventDate "2000.08.01"]
[EventType "swiss"]
[EventRounds "4"]
[EventCountry "CAN"]
[SourceTitle "EXT 2005"]
[Source "ChessBase"]
[SourceDate "2004.11.15"]
[SourceVersion "1"]
[SourceVersionDate "2004.11.15"]
[SourceQuality "1"]

1. Nf3 d5 2. d3 Bg4 3. Nbd2 e6 4. g3 Bd6 5. Bg2 Nd7 6. O-O c6 7. Re1 Qc7 8. b3 O-O-O 9. a4 h5 10. h3 Bf5 11. e4 dxe4 12. dxe4 Bg6 13. Nc4 Be5 14. Nfxe5 Nxe5 15. Qe2 Nxc4 16. bxc4 Nf6 17. e5 Nd7 18. f4 Kb8 19. a5 Rhe8 20. Ba3 c5 21. Qf3 Qc6 22. Qb3 Qa6 23. Rab1 b6 24. Qf3 Bxc2 25. Qa8+ Kc7 26. Qc6+ Kb8 1/2-1/2

[Event "Winnipeg Tuesday Night op 8th"]
[Site "Winnipeg CAN"]
[Date "2000.08.01"]
[Round "1"]
[White "Vincent, Trevor"]
[Black "Hanrahan, Nigel"]
[Result "0-1"]
[WhiteElo "1083"]
[BlackElo "1710"]
[PlyCount "61"]
[GameId "2160767911652994"]
[EventDate "2000.08.01"]
[EventType "swiss"]
[EventRounds "4"]
[EventCountry "CAN"]
[SourceTitle "EXT 2005"]
[Source "ChessBase"]
[SourceDate "2004.11.15"]
[SourceVersion "1"]
[SourceVersionDate "2004.11.15"]
[SourceQuality "1"]

1. c4 c5 2. Nc3 g6 3. g3 Bg7 4. Bg2 Nf6 5. Nf3 O-O 6. d3 d6 7. O-O Nc6 8. a3 a6 9. Bg5 h6 10. Bxf6 Bxf6 11. Rb1 e6 12. e3 Bd7 13. Ne4 Be7 14. d4 f5 15. Nc3 cxd4 16. exd4 Bf6 17. d5 Na5 18. Qd3 Rc8 19. Nd2 e5 20. f3 Qb6+ 21. Kh1 Qd4 22. Qxd4 exd4 23. Ne2 Nxc4 24. Nxc4 Rxc4 25. Nf4 Kf7 26. Rfd1 Rfc8 27. Bf1 R4c5 28. b3 g5 29. b4 R5c7 30. Ne2 Bb5 31. Rb2 0-1

[Event "Winnipeg Tuesday Night op 8th"]
[Site "Winnipeg CAN"]
[Date "2000.08.01"]
[Round "1"]
[White "Weijs, Harry"]
[Black "Milord, Frank"]
[Result "0-1"]
[WhiteElo "1571"]
[BlackElo "1790"]
[PlyCount "83"]
[GameId "2160767911652995"]
[EventDate "2000.08.01"]
[EventType "swiss"]
[EventRounds "4"]
[EventCountry "CAN"]
[SourceTitle "EXT 2005"]
[Source "ChessBase"]
[SourceDate "2004.11.15"]
[SourceVersion "1"]
[SourceVersionDate "2004.11.15"]
[SourceQuality "1"]

1. d4 Nf6 2. Bg5 Ne4 3. Bf4 e6 4. Nd2 Bb4 5. c3 Nxd2 6. Qxd2 Be7 7. e4 O-O 8. Nf3 d6 9. Bd3 Nd7 10. h4 e5 11. dxe5 Nxe5 12. Bxe5 dxe5 13. Nxe5 Bxh4 14. Nf3 Be7 15. O-O-O Bg4 16. e5 g6 17. Qc2 Bg5+ 18. Kb1 Bxf3 19. gxf3 Qe7 20. Rde1 Rad8 21. Re4 f5 22. exf6 Qxf6 23. Bc4+ Kh8 24. Re6 Qf5 25. Qxf5 Rxf5 26. Rxg6 Rd1+ 27. Kc2 Rd2+ 28. Kb3 h6 29. a4 Kh7 30. Re6 Rxf3 31. Re8 Rfxf2 32. Rb1 a5 33. Re5 b6 34. Re6 Kg7 35. Rc6 Bf4 36. Bb5 h5 37. Ba6 h4 38. Bb7 h3 39. Re6 Kf7 40. Rc6 Rc2 41. Rc4 Bc1 42. Rf4+ 0-1

[Event "Winnipeg Tuesday Night op 8th"]
[Site "Winnipeg CAN"]
[Date "2000.08.01"]
[Round "1"]
[White "Xia, Yanchong"]
[Black "Bays, Derek"]
[Result "1-0"]
[WhiteElo "1781"]
[BlackElo "1507"]
[PlyCount "108"]
[GameId "2160767911652996"]
[EventDate "2000.08.01"]
[EventType "swiss"]
[EventRounds "4"]
[EventCountry "CAN"]
[SourceTitle "EXT 2005"]
[Source "ChessBase"]
[SourceDate "2004.11.15"]
[SourceVersion "1"]
[SourceVersionDate "2004.11.15"]
[SourceQuality "1"]

1. d4 Nf6 2. Nc3 e6 3. e4 d5 4. e5 Nfd7 5. Nf3 Be7 6. Be2 O-O 7. O-O c5 8. Bf4 Nc6 9. dxc5 Nxc5 10. Nb5 a6 11. Nbd4 f6 12. Bg3 Ne4 13. exf6 Bxf6 14. c4 Nxg3 15. hxg3 Qb6 16. Nb3 Ne5 17. cxd5 exd5 18. Nxe5 Bxe5 19. Qxd5+ Qe6 20. Bc4 Qxd5 21. Bxd5+ Kh8 22. Rfe1 Bf6 23. Be6 Bxb2 24. Rab1 Bf6 25. f3 b6 26. Bxc8 Raxc8 27. Re6 Rb8 28. Kf1 Kg8 29. Nd2 Bc3 30. Ne4 Bd4 31. Rd1 Rfd8 32. Re7 b5 33. Ke2 Rbc8 34. Re6 Rc2+ 35. Rd2 Rxd2+ 36. Kxd2 Ra8 37. Kc2 a5 38. Re7 Kf8 39. Rb7 b4 40. Kb3 Ra7 41. Rxa7 Bxa7 42. Ka4 Bb6 43. Nd2 Be3 44. Nc4 Bf2 45. g4 Ke7 46. Kxa5 Be1 47. Kb5 Bc3 48. Ne3 Ke6 49. Nc2 Ke5 50. Nxb4 g5 51. a4 Bd2 52. Nd3+ Kd4 53. Nf2 Ke3 54. Ne4 Ke2 1-0

[Event "Winnipeg Tuesday Night op 8th"]
[Site "Winnipeg CAN"]
[Date "2000.08.08"]
[Round "2"]
[White "Hanrahan, Nigel"]
[Black "Xia, Yanchong"]
[Result "0-1"]
[WhiteElo "1710"]
[BlackElo "1781"]
[PlyCount "64"]
[GameId "2160767911652997"]
[EventDate "2000.08.01"]
[EventType "swiss"]
[EventRounds "4"]
[EventCountry "CAN"]
[SourceTitle "EXT 2005"]
[Source "ChessBase"]
[SourceDate "2004.11.15"]
[SourceVersion "1"]
[SourceVersionDate "2004.11.15"]
[SourceQuality "1"]

1. c4 e5 2. g3 Nc6 3. Bg2 g6 4. Nc3 Bg7 5. e4 Nge7 6. Nge2 O-O 7. O-O d6 8. d3 a6 9. a3 Rb8 10. Rb1 b5 11. cxb5 axb5 12. b4 Nd4 13. Bb2 c6 14. Nxd4 exd4 15. Ne2 Qb6 16. Rc1 Bd7 17. a4 bxa4 18. Qxa4 Ra8 19. Qc2 Qxb4 20. Ra1 c5 21. Rfb1 Rxa1 22. Bxa1 Qa5 23. Qb2 Nc6 24. Qc1 Nb4 25. Rxb4 Qxb4 26. Nf4 Rb8 27. Bf1 Bc6 28. Kg2 Qb1 29. Qxb1 Rxb1 30. Bxd4 cxd4 31. Be2 f5 32. f3 Kf7 0-1

[Event "Winnipeg Tuesday Night op 8th"]
[Site "Winnipeg CAN"]
[Date "2000.08.08"]
[Round "2"]
[White "Klokow, John"]
[Black "Barkman, Daniel"]
[Result "1-0"]
[WhiteElo "1766"]
[BlackElo "1581"]
[PlyCount "81"]
[GameId "2160767911652998"]
[EventDate "2000.08.01"]
[EventType "swiss"]
[EventRounds "4"]
[EventCountry "CAN"]
[SourceTitle "EXT 2005"]
[Source "ChessBase"]
[SourceDate "2004.11.15"]
[SourceVersion "1"]
[SourceVersionDate "2004.11.15"]
[SourceQuality "1"]

1. e4 e6 2. Qe2 Nf6 3. g3 d5 4. exd5 Nxd5 5. Bg2 Bc5 6. c3 O-O 7. Nf3 Nd7 8. O-O N7f6 9. d4 Bd6 10. Nbd2 Bd7 11. Ne5 c5 12. dxc5 Bxc5 13. c4 Ne7 14. Bxb7 Rb8 15. Nxd7 Qxd7 16. Bg2 Nf5 17. Nf3 Rb6 18. Bf4 Ng4 19. Ne5 Nxe5 20. Bxe5 f6 21. Bc3 Nd4 22. Qd2 Rd6 23. Bxd4 Bxd4 24. Rab1 Rd8 25. b4 Qc7 26. Qc2 Rc8 27. c5 a5 28. Qe4 Rd7 29. Qxe6+ Kh8 30. a3 axb4 31. axb4 Rb8 32. c6 Re7 33. Qc4 Qb6 34. Bh3 Ra7 35. b5 Be5 36. Rfd1 Ra3 37. Rd7 Bxg3 38. hxg3 Rxg3+ 39. Bg2 Rg5 40. c7 Rc8 41. Rbd1 1-0

[Event "Winnipeg Tuesday Night op 8th"]
[Site "Winnipeg CAN"]
[Date "2000.08.08"]
[Round "2"]
[White "Lafreniere, Adrian"]
[Black "Federkevic, Danny"]
[Result "1-0"]
[WhiteElo "1675"]
[BlackElo "2002"]
[PlyCount "55"]
[GameId "2160767911652999"]
[EventDate "2000.08.01"]
[EventType "swiss"]
[EventRounds "4"]
[EventCountry "CAN"]

1. e4 e5 2. Nf3 Nc6 3. d4 exd4 4. Nxd4 Bc5 5. Be3 Qf6 6. c3 Nge7 7. Bc4 d6 8. O-O Bb6 9. Nb5 a6 10. Nxd6+ cxd6 11. Bxb6 O-O 12. Bc7 Qg6 13. Re1 Ne5 14. Bf1 Qg5 15. Kh1 Bg4 16. f3 Bh5 17. Qd2 Qh4 18. Na3 Nc8 19. Nc4 Nxc4 20. Bxc4 Qe7 21. Ba5 Rb8 22. e5 dxe5 23. Bb4 Rd8 24. Qe3 Qc7 25. Qxe5 Qxe5 26. Rxe5 Bg6 27. Rae1 b5 28. Re8+ 1-0

[Event "Winnipeg Tuesday Night op 8th"]
[Site "Winnipeg CAN"]
[Date "2000.08.08"]
[Round "2"]
[White "Milord, Frank"]
[Black "Moffat, Ron"]
[Result "1/2-1/2"]
[WhiteElo "1790"]
[BlackElo "1706"]
[PlyCount "102"]
[GameId "2160767911653000"]
[EventDate "2000.08.01"]
[EventType "swiss"]
[EventRounds "4"]
[EventCountry "CAN"]
[SourceTitle "EXT 2005"]
[Source "ChessBase"]
[SourceDate "2004.11.15"]
[SourceVersion "1"]
[SourceVersionDate "2004.11.15"]
[SourceQuality "1"]

1. d4 Nf6 2. c4 g6 3. Nc3 Bg7 4. e4 d6 5. Be2 O-O 6. Nf3 e5 7. O-O Nc6 8. d5 Ne7 9. Nh4 Nd7 10. Be3 f5 11. exf5 Nxf5 12. Nxf5 Rxf5 13. Ne4 Qh4 14. Bg4 Nf6 15. Bxf5 Bxf5 16. Nxf6+ Bxf6 17. Rc1 b6 18. Qd2 Rf8 19. b4 e4 20. Bf4 Re8 21. Qe3 Bd7 22. Qg3 Qh5 23. Qe3 Qh4 24. c5 bxc5 25. bxc5 Qh5 26. c6 Bf5 27. h3 Qh4 28. g4 Bc8 29. Qg3 Qxg3+ 30. Bxg3 Ba6 31. Rfe1 Bd3 32. Bf4 Bb2 33. Rcd1 Bc3 34. Re3 Rf8 35. Bh6 Rb8 36. Rexd3 exd3 37. Rxd3 Ba5 38. Rf3 Bb6 39. Kg2 Bd4 40. Rb3 Rxb3 41. axb3 Kf7 42. Bg5 h5 43. f3 Bf6 44. f4 hxg4 45. hxg4 Bxg5 46. fxg5 Ke8 47. Kf3 Kd8 48. Ke4 Kc8 49. Kd4 Kb8 50. Kc4 Ka8 51. Kb5 Kb8 1/2-1/2

[Event "Winnipeg Tuesday Night op 8th"]
[Site "Winnipeg CAN"]
[Date "2000.08.08"]
[Round "2"]
[White "Trueman, Francis"]
[Black "Schulz, Waldemar"]
[Result "0-1"]
[WhiteElo "1506"]
[BlackElo "2035"]
[PlyCount "64"]
[GameId "2160767911653001"]
[EventDate "2000.08.01"]
[EventType "swiss"]
[EventRounds "4"]
[EventCountry "CAN"]
[SourceTitle "EXT 2005"]
[Source "ChessBase"]
[SourceDate "2004.11.15"]
[SourceVersion "1"]
[SourceVersionDate "2004.11.15"]
[SourceQuality "1"]

1. Nf3 d5 2. d3 c5 3. g3 g6 4. c3 Bg7 5. Bg2 Nc6 6. O-O Nf6 7. Nbd2 Bg4 8. h3 Bd7 9. Re1 Qc8 10. Kh2 Qc7 11. Nf1 O-O 12. e4 dxe4 13. dxe4 Rfd8 14. e5 Bxh3 15. Qb3 Be6 16. Qc2 Ng4+ 17. Kg1 Bf5 18. Qa4 Ngxe5 19. Bf4 Nxf3+ 20. Bxf3 e5 21. Be3 Bf8 22. Nd2 a6 23. Rac1 Be7 24. Kg2 b5 25. Qd1 Rac8 26. Rh1 Qd7 27. Qe1 Bf8 28. Qe2 Qe6 29. Rcd1 e4 30. Rh4 exf3+ 31. Nxf3 Rxd1 32. Qxd1 Be4 0-1

[Event "Winnipeg Tuesday Night op 8th"]
[Site "Winnipeg CAN"]
[Date "2000.08.15"]
[Round "3"]
[White "Lafreniere, Adrian"]
[Black "Klokow, John"]
[Result "1-0"]
[WhiteElo "1615"]
[BlackElo "1766"]
[PlyCount "44"]
[GameId "2160767911653002"]
[EventDate "2000.08.01"]
[EventType "swiss"]
[EventRounds "4"]
[EventCountry "CAN"]
[SourceTitle "EXT 2005"]
[Source "ChessBase"]
[SourceDate "2004.11.15"]
[SourceVersion "1"]
[SourceVersionDate "2004.11.15"]
[SourceQuality "1"]

1. e4 c5 2. Nf3 e6 3. d4 cxd4 4. Nxd4 Nc6 5. Nc3 Nf6 6. a3 Be7 7. Be2 O-O 8. Be3 a6 9. Qd2 Qc7 10. Rd1 Rd8 11. O-O d5 12. exd5 Nxd5 13. Nxd5 Rxd5 14. Bf3 Rd8 15. Qc3 Bd7 16. Nxc6 Bxc6 17. Bd4 Bd6 18. Bxc6 bxc6 19. Bxg7 Bxh2+ 20. Kh1 Bd6 21. Bf6 Be7 22. Be5 Bd6 1-0

[Event "Winnipeg Tuesday Night op 8th"]
[Site "Winnipeg CAN"]
[Date "2000.08.15"]
[Round "3"]
[White "Moffat, Ron"]
[Black "Greenberg, Harley"]
[Result "1-0"]
[WhiteElo "1706"]
[BlackElo "1704"]
[PlyCount "65"]
[GameId "2160767911653003"]
[EventDate "2000.08.01"]
[EventType "swiss"]
[EventRounds "4"]
[EventCountry "CAN"]
[SourceTitle "EXT 2005"]
[Source "ChessBase"]
[SourceDate "2004.11.15"]
[SourceVersion "1"]
[SourceVersionDate "2004.11.15"]
[SourceQuality "1"]

1. d4 Nf6 2. c4 c5 3. d5 e6 4. Nc3 exd5 5. cxd5 d6 6. e4 g6 7. Be2 Bg7 8. f4 O-O 9. Nf3 Re8 10. Qc2 a6 11. a4 Qe7 12. Nd2 Bg4 13. Bxg4 Nxg4 14. Qd3 Nd7 15. h3 c4 16. Qf3 Nh6 17. O-O Nc5 18. Nxc4 Rac8 19. Nb6 Rc7 20. f5 Nxe4 21. fxg6 Bd4+ 22. Kh1 Ng4 23. gxh7+ Kh8 24. Nxe4 Bxb6 25. Qxg4 Qxe4 26. Qg5 Bd4 27. Bf4 Rc2 28. Bxd6 Rxb2 29. Rae1 Qxe1 30. Rxe1 Rxe1+ 31. Kh2 Bg1+ 32. Kg3 Bf2+ 33. Kg4 1-0

[Event "Winnipeg Tuesday Night op 8th"]
[Site "Winnipeg CAN"]
[Date "2000.08.15"]
[Round "3"]
[White "Xia, Yanchong"]
[Black "Milord, Frank"]
[Result "1/2-1/2"]
[WhiteElo "1791"]
[BlackElo "1790"]
[PlyCount "43"]
[GameId "2160767911653005"]
[EventDate "2000.08.01"]
[EventType "swiss"]
[EventRounds "4"]
[EventCountry "CAN"]
[SourceTitle "EXT 2005"]
[Source "ChessBase"]
[SourceDate "2004.11.15"]
[SourceVersion "1"]
[SourceVersionDate "2004.11.15"]
[SourceQuality "1"]

1. d4 d5 2. Nf3 Nf6 3. Bf4 c6 4. e3 e6 5. Bd3 Qb6 6. Nbd2 Qxb2 7. O-O Qb6 8. Ne5 Qd8 9. g4 Nfd7 10. Ndf3 Nxe5 11. Nxe5 Nd7 12. Nxd7 Bxd7 13. g5 g6 14. Kh1 Bg7 15. Qf3 Qe7 16. Qg3 e5 17. Bxe5 Bxe5 18. dxe5 O-O-O 19. Rab1 h6 20. Ba6 Qxg5 21. Bxb7+ Kc7 22. Qf3 1/2-1/2

[Event "Winnipeg Tuesday Night op 8th"]
[Site "Winnipeg CAN"]
[Date "2000.08.22"]
[Round "4"]
[White "Hanrahan, Nigel"]
[Black "Greenberg, Harley"]
[Result "1/2-1/2"]
[WhiteElo "1641"]
[BlackElo "1704"]
[PlyCount "52"]
[GameId "2160767911653006"]
[EventDate "2000.08.01"]
[EventType "swiss"]
[EventRounds "4"]
[EventCountry "CAN"]
[SourceTitle "EXT 2005"]
[Source "ChessBase"]
[SourceDate "2004.11.15"]
[SourceVersion "1"]
[SourceVersionDate "2004.11.15"]
[SourceQuality "1"]

1. c4 Nf6 2. g3 g6 3. Bg2 Bg7 4. Nc3 c5 5. a3 Nc6 6. d3 O-O 7. Nf3 d5 8. cxd5 Nxd5 9. Bd2 Re8 10. O-O e5 11. Ng5 Nxc3 12. bxc3 Be6 13. Nxe6 Rxe6 14. Rb1 Rb8 15. a4 c4 16. Bxc6 Rxc6 17. dxc4 Rxc4 18. Be3 Qa5 19. Rb4 Rxb4 20. cxb4 Qxb4 21. Bxa7 Ra8 22. Be3 Rxa4 23. Qd8+ Qf8 24. Rd1 h5 25. Qb6 Qb4 26. Rb1 Qxb6 1/2-1/2

[Event "Winnipeg Tuesday Night op 8th"]
[Site "Winnipeg CAN"]
[Date "2000.08.22"]
[Round "4"]
[White "Klokow, John"]
[Black "Vincent, Trevor"]
[Result "1-0"]
[WhiteElo "1766"]
[BlackElo "1240"]
[PlyCount "25"]
[GameId "2160767911653007"]
[EventDate "2000.08.01"]
[EventType "swiss"]
[EventRounds "4"]
[EventCountry "CAN"]
[SourceTitle "EXT 2005"]
[Source "ChessBase"]
[SourceDate "2004.11.15"]
[SourceVersion "1"]
[SourceVersionDate "2004.11.15"]
[SourceQuality "1"]

1. e4 g6 2. d4 Bg7 3. h4 d6 4. h5 Nf6 5. h6 Bf8 6. Nc3 Nbd7 7. Nf3 c5 8. e5 dxe5 9. dxe5 Ng4 10. e6 fxe6 11. Ng5 Nde5 12. Qxd8+ Kxd8 13. f4 1-0

[Event "Winnipeg Tuesday Night op 8th"]
[Site "Winnipeg CAN"]
[Date "2000.08.22"]
[Round "4"]
[White "Milord, Frank"]
[Black "Schulz, Waldemar"]
[Result "0-1"]
[WhiteElo "1790"]
[BlackElo "2022"]
[PlyCount "80"]
[GameId "2160767911653008"]
[EventDate "2000.08.01"]
[EventType "swiss"]
[EventRounds "4"]
[EventCountry "CAN"]
[SourceTitle "EXT 2005"]
[Source "ChessBase"]
[SourceDate "2004.11.15"]
[SourceVersion "1"]
[SourceVersionDate "2004.11.15"]
[SourceQuality "1"]

1. e4 c5 2. Nf3 e6 3. d4 cxd4 4. Nxd4 Nf6 5. Nc3 d6 6. Be3 Be7 7. Qd2 a6 8. f3 Qc7 9. O-O-O Nc6 10. g4 O-O 11. h4 b5 12. Kb1 Bb7 13. g5 Nd7 14. Bh3 Nxd4 15. Bxd4 b4 16. Ne2 d5 17. e5 Bc5 18. f4 Rfe8 19. h5 a5 20. Rhe1 Ra6 21. Bf1 Rb6 22. Nc1 Rc8 23. Nb3 Bxd4 24. Nxd4 Ba6 25. Bh3 Nc5 26. g6 fxg6 27. hxg6 h6 28. Nxe6 Nxe6 29. Bxe6+ Rxe6 30. Qxd5 Qxc2+ 31. Ka1 Qxg6 32. Qxa5 b3 33. Rd8+ Rxd8 34. Qxd8+ Qe8 35. Qd5 Qc6 36. Qxb3 Bc4 37. Qg3 Rg6 38. Qc3 Bd5 39. Qa3 Qc4 40. f5 Ra6 0-1

[Event "Winnipeg Tuesday Night op 8th"]
[Site "Winnipeg CAN"]
[Date "2000.08.22"]
[Round "4"]
[White "Moffat, Ron"]
[Black "Xia, Yanchong"]
[Result "1-0"]
[WhiteElo "1706"]
[BlackElo "1791"]
[PlyCount "51"]
[GameId "2160767911653009"]
[EventDate "2000.08.01"]
[EventType "swiss"]
[EventRounds "4"]
[EventCountry "CAN"]
[SourceTitle "EXT 2005"]
[Source "ChessBase"]
[SourceDate "2004.11.15"]
[SourceVersion "1"]
[SourceVersionDate "2004.11.15"]
[SourceQuality "1"]

1. d4 Nf6 2. c4 g6 3. Nc3 Bg7 4. e4 d6 5. Be2 O-O 6. Bg5 Nbd7 7. Qd2 e5 8. Nf3 exd4 9. Nxd4 c6 10. O-O Qc7 11. Kh1 Re8 12. f3 a5 13. a3 a4 14. Rab1 Nc5 15. Rfd1 Nfd7 16. Bh6 Bh8 17. Nf5 Re6 18. Nxd6 Nb6 19. Nxc8 Rxc8 20. Bf4 Be5 21. Bxe5 Qxe5 22. f4 Qc7 23. Bg4 Nxe4 24. Nxe4 Rxe4 25. Bxc8 Qxc8 26. Rbc1 1-0

[Event "Winnipeg Tuesday Night op 9th"]
[Site "Winnipeg CAN"]
[Date "2000.09.12"]
[Round "1"]
[White "Henson, Joshua"]
[Black "Greenberg, Harley"]
[Result "1-0"]
[WhiteElo "2149"]
[BlackElo "1689"]
[PlyCount "53"]
[GameId "2160767911652485"]
[EventDate "2000.09.12"]
[EventType "swiss"]
[EventRounds "6"]
[EventCountry "CAN"]
[SourceTitle "EXT 2005"]
[Source "ChessBase"]
[SourceDate "2004.11.15"]
[SourceVersion "1"]
[SourceVersionDate "2004.11.15"]
[SourceQuality "1"]

1. d4 Nf6 2. Bg5 d6 3. Bxf6 exf6 4. e3 g6 5. Nc3 Bg7 6. Bc4 O-O 7. Nge2 c6 8. O-O f5 9. a4 Nd7 10. Qd2 Nf6 11. b4 d5 12. Bb3 Ne4 13. Nxe4 fxe4 14. c4 f5 15. cxd5 cxd5 16. Nf4 g5 17. Nxd5 Be6 18. Qa2 Kh8 19. Rac1 f4 20. Nc7 Bxb3 21. Qxb3 f3 22. Qd5 fxg2 23. Kxg2 Qe7 24. Nxa8 Rd8 25. Qf5 g4 26. Rc8 Qh4 27. Rxd8+ 1-0